| 000 | 00466nam a22001577a 4500 | ||
|---|---|---|---|
| 082 | _aT-91 | ||
| 100 |
_aShakil Ahmad, A'XEN _948505 |
||
| 245 |
_aLandslide hazard management and control in Murree area _cShakil Ahmad, A'XEN |
||
| 260 |
_aRisalpur _bMCE _c2001 |
||
| 300 | _ax, 124 P, : | ||
| 526 |
_a0 _b0 _c0 _dT_91 |
||
| 650 |
_aBachelor of Science in Civil Engineering _948506 |
||
| 650 |
_aThesis _934811 |
||
| 700 |
_aBrig Imtiaz Ahmed _948507 |
||
| 942 |
_2ddc _cBK |
||
| 999 |
_c551429 _d551429 |
||